[Event "32nd ch-IND w"]
[Site "Visakhapatnam IND"]
[Date "2006.04.15"]
[Round "16"]
[White "Ramya,K"]
[Black "Amrutha,M"]
[Result "1-0"]
[WhiteElo "2161"]
[BlackElo "2126"]

1.d4 Nf6 2.c4 e6 3.Nf3 b6 4.a3 Bb7 5.Nc3 d5 6.Bg5 Nbd7 7.e3 Be7 8.Rc1 O-O
9.cxd5 exd5 10.Be2 Ne4 11.Bf4 c5 12.O-O Rc8 13.Ne5 Ndf6 14.Bf3 a6 15.dxc5 Nxc5
16.Qe2 Bd6 17.b4 Nce4 18.Bxe4 Nxe4 19.Nxe4 dxe4 20.Rxc8 Qxc8 21.Rd1 Bxe5
22.Bxe5 Rd8 23.Rxd8+ Qxd8 24.Qg4 f6 25.Qe6+ Kh8 26.Bd4 b5 27.h4 h6 28.Bc5 Qd5
29.Qe8+ Kh7 30.h5 Bc6 31.Qg6+ Kg8 32.Bd4 Qg5 33.Qxg5 fxg5 34.Kh2 Ba8 35.g4 Bc6
36.Kg3 Kf7 37.Kg2 Bd5 38.Kg3 g6 39.hxg6+ Kxg6 40.Kg2 h5 41.gxh5+ Kxh5 42.Kg3 Kg6
43.Kg4 Be6+ 44.Kg3 Kf5 45.Bc3  1-0

[Event "32nd ch-IND w"]
[Site "Visakhapatnam IND"]
[Date "2006.04.15"]
[Round "16"]
[White "Gokhale,A"]
[Black "Vijayalakshmi,S"]
[Result "0-1"]
[WhiteElo "2198"]
[BlackElo "2479"]

1.d4 Nf6 2.c4 e6 3.Nf3 b6 4.a3 Bb7 5.Nc3 d5 6.Bg5 Be7 7.Bxf6 Bxf6 8.cxd5 exd5
9.Qb3 O-O 10.e3 a6 11.Rd1 Qd6 12.Be2 Nd7 13.O-O Rfe8 14.Rd2 Rad8 15.Rc1 Nf8
16.Qd1 Ne6 17.b4 Ng5 18.Nxg5 Bxg5 19.Qc2 Qh6 20.Nd1 Be7 21.g3 Bd6 22.Bf3 Re6
23.Qb3 Rf6 24.Bg2 Qh5 25.f4 Rh6 26.Bh1 Re8 27.Qa4 Re7 28.Rc3 g5 29.e4 dxe4
30.fxg5 Qxg5 31.Re2 f5 32.Qb3+ Kh8 33.Bg2 Rxh2 34.Kxh2 Qh5+ 35.Kg1 Qxe2 36.Re3 Qd2  0-1

[Event "43rd ch-IND"]
[Site "Visakhapatnam IND"]
[Date "2006.04.15"]
[Round "18"]
[White "Ravi,L"]
[Black "Venkatesh,M"]
[Result "1-0"]
[WhiteElo "2423"]
[BlackElo "2438"]

1.d4 Nf6 2.Nf3 e6 3.c4 b6 4.a3 c5 5.e3 Bb7 6.Nc3 d5 7.cxd5 exd5 8.Bb5+ Nbd7
9.dxc5 Bxc5 10.b4 Bd6 11.Bb2 O-O 12.Qd4 Qe7 13.Ne2 Rfe8 14.Ng3 Qf8 15.O-O Rad8
16.Qh4 a6 17.Bxf6 Nxf6 18.Bxe8 Rxe8 19.Qd4 Nd7 20.Rac1 Re6 21.Rc2 Bb8 22.Rfc1 h6
23.Qg4 Ne5 24.Nxe5 Bxe5 25.Qd1 Qb8 26.Qd3 Bd6 27.f4 Be7 28.Nf5 Bf6 29.Rc7 Bd8
30.Rd7 b5 31.Qd4 Bf6 32.Qc5 d4 33.Qc7 Qxc7 34.Rcxc7 dxe3 35.Nxe3 Bc6 36.Rd3 Be4
37.Rd2 Bb1 38.Kf2 Re4 39.Kf3 Re6 40.Ng4 Be4+ 41.Kf2 Bh4+ 42.g3 Be7 43.Ne5 f6
44.Re2 f5 45.Rd2 Bf6 46.Rdd7 Kh7 47.Ke3 Re8 48.Kd2 h5 49.h4 Re6 50.Ra7 Rb6
51.Nf7 Rc6 52.Rdc7 Rb6 53.Rd7 Rc6 54.Rac7 Rb6 55.Rd6 Rb8 56.Rxa6 Bd5 57.Ne5 Kh8
58.Ng6+ Kg8 59.Ne7+ Bxe7 60.Rxe7 Kf8 61.Raa7 g6 62.Ke3 Rd8 63.Red7 Re8+ 64.Kd4 Bg8
65.Kc5 Be6 66.Rdb7 Bc4 67.a4 Rc8+ 68.Rc7 Rb8 69.Rab7  1-0

[Event "10th Neckar Open A"]
[Site "Deizisau GER"]
[Date "2006.04.16"]
[Round "7"]
[White "Farago,I"]
[Black "Zeller,F"]
[Result "1/2-1/2"]
[WhiteElo "2534"]
[BlackElo "2412"]

1.d4 Nf6 2.c4 e6 3.Nf3 b6 4.a3 Ba6 5.Qc2 Bb7 6.Nc3 c5 7.e4 cxd4 8.Nxd4 d6
9.Be2 a6 10.Be3 Be7 11.O-O-O Nfd7 12.Kb1 Nc6 13.f4 Rc8 14.f5 Nxd4 15.Bxd4 e5
16.Be3 O-O 17.Nd5 b5 18.Qb3 Bxd5 19.Rxd5 Nf6 20.Rdd1 Nxe4 21.cxb5 axb5 22.Bxb5 Bg5
23.Rhe1 Nc5 24.Bxc5 Rxc5 25.Rd5 Qb6 26.Bc4 Qc7 27.Rxc5 dxc5 28.Qf3 h6 29.Rd1 Rb8
30.Rd3  1/2-1/2

[Event "TCh-HUN 2005-6"]
[Site "Hungary HUN"]
[Date "2006.04.23"]
[Round "11"]
[White "Gal,Ta"]
[Black "Medvegy,N"]
[Result "0-1"]
[WhiteElo "2113"]
[BlackElo "2364"]

1.d4 Nf6 2.Nf3 e6 3.c4 b6 4.a3 Bb7 5.Nc3 d5 6.Bg5 Be7 7.e3 O-O 8.Be2 Nbd7
9.O-O c5 10.Rc1 Rc8 11.cxd5 Nxd5 12.Bxe7 Qxe7 13.Qa4 cxd4 14.Nxd5 Bxd5 15.Nxd4 Nc5
16.Qd1 g6 17.b4 Ne4 18.Qd3 Nd6 19.Rfd1 Bc4 20.Qc2 e5 21.Nb3 Bb5 22.Qb2 Bc6
23.Nd2 Bb7 24.Bf3 Bxf3 25.Nxf3 Nc4 26.Qb3 b5 27.Nd2 Nxd2  0-1

[Event "TCh-HUN 2005-6"]
[Site "Hungary HUN"]
[Date "2006.04.23"]
[Round "11"]
[White "Ruck,R"]
[Black "Sax,G"]
[Result "1/2-1/2"]
[WhiteElo "2537"]
[BlackElo "2535"]

1.d4 Nf6 2.c4 e6 3.Nf3 b6 4.a3 Bb7 5.Nc3 d5 6.cxd5 Nxd5 7.Qc2 Nxc3 8.bxc3 Be7
9.e4 O-O 10.Bd3 c5 11.O-O Qc7 12.Qe2 Nd7 13.e5 h6 14.Be3 Bd5 15.Nd2 f5 16.exf6 Nxf6
17.dxc5 Bxc5 18.Bxc5 Qxc5 19.c4  1/2-1/2

[Event "8th Dubai Open"]
[Site "Dubai UAE"]
[Date "2006.04.30"]
[Round "8"]
[White "Salem,AR"]
[Black "Kulicov,O"]
[Result "0-1"]
[WhiteElo "2124"]
[BlackElo "2407"]

1.d4 Nf6 2.c4 e6 3.Nf3 b6 4.a3 Bb7 5.Nc3 d5 6.e3 Be7 7.Bd3 Nbd7 8.cxd5 exd5
9.O-O O-O 10.Qe2 a6 11.Rd1 Bd6 12.Nd2 Re8 13.b4 Nf8 14.f3 Ne6 15.Qf2 c5 16.bxc5 bxc5
17.Ne2 Bc6 18.a4 Qd7 19.Bc2 a5 20.Bb2 Reb8 21.Bc3 Qc7 22.Qh4 Be7 23.dxc5 h6
24.Qf2 Nxc5 25.Rac1 Qd7 26.Ne4 Ncxe4 27.fxe4 Bxa4 28.Bxf6 Bxc2 29.Rxd5 Qe6
30.Bd4 Rb1 31.Rxb1 Bxb1 32.Nc3 Bd3 33.Re5 Qd6 34.Nd5 Bf8 35.Nf4 Bc4 36.Qg3 a4
37.Qe1 a3 38.Ba1 a2 39.Qc3 Qd1+ 40.Kf2 Rb8 41.Rc5 Qxa1 42.Qxa1 Bxc5 43.Qe5 Bf8
44.Qxb8 a1=Q 45.Qc8 Qa2+ 46.Kf3 Be6 47.Qe8 Qc4 48.h4 Qc8 49.Qb5 Qd7 50.Qb8 Qd1+
51.Kf2 Qd6 52.Qa8 Kh7 53.e5 Qd2+ 54.Kf3 Kg8 55.h5 Bb3 56.Qe4 Bd1+ 57.Kg3 Qe1+
58.Kh3 Qh1+  0-1

[Event "VII TCh-RUS w"]
[Site "Sochi RUS"]
[Date "2006.04.30"]
[Round "11"]
[White "Dolgova,O"]
[Black "Kovanova,B"]
[Result "1-0"]
[WhiteElo "2219"]
[BlackElo "2307"]

1.d4 Nf6 2.Nf3 e6 3.c4 b6 4.a3 Ba6 5.Qc2 c5 6.Bg5 cxd4 7.Nxd4 Bc5 8.e3 h6
9.Bf4 O-O 10.Nc3 d5 11.Rd1 Nbd7 12.cxd5 Bxf1 13.dxe6 Ba6 14.exd7 Qxd7 15.Qf5 Bxd4
16.Qxd7 Bxc3+ 17.bxc3 Nxd7 18.Rxd7 Rfd8 19.Rd4 Rdc8 20.Kd2 Bc4 21.Rb1 b5
22.Bd6 Rc6 23.e4 a6 24.Bb4 Re8 25.Re1 h5 26.f4 Rg6 27.g3 h4 28.f5 Rg4 29.Re3 hxg3
30.hxg3 Rg5 31.Rf3 Rh5 32.Ke3 Rh1 33.Kf4 Re1 34.g4 Rg1 35.Re3 Bb3 36.Rg3 Re1
37.Re3 Rg1 38.Red3 Re1 39.Rf3 Bc2 40.Re3 Rg1 41.Kf3 f6 42.Bd6 Kf7 43.e5 fxe5
44.Bxe5 Re7 45.Rd6 a5 46.Rg6 Kg8 47.Kf2 Rd1 48.Bd4 Rxe3 49.Kxe3 Rd3+ 50.Kf4 b4
51.axb4 axb4 52.Bxg7 b3 53.Bd4+ Kf8 54.Rb6 Rd1 55.Ke5 Re1+ 56.Kf6 Ke8 57.Rb7 Rf1
58.Ke6 Kd8 59.Be5  1-0

[Event "RC SPORT Open"]
[Site "Usti nad Orlici CZE"]
[Date "2006.04.30"]
[Round "2"]
[White "Voloshin,L"]
[Black "Cerveny,M"]
[Result "1/2-1/2"]
[WhiteElo "2471"]
[BlackElo "2231"]

1.d4 Nf6 2.Nf3 e6 3.c4 b6 4.a3 Bb7 5.Nc3 g6 6.d5 exd5 7.cxd5 d6 8.g3 Bg7
9.Bg2 O-O 10.O-O c6 11.dxc6 Nxc6 12.Bf4 d5 13.Ne5 Re8 14.Nxc6 Bxc6 15.Bg5 Qd7
16.Bxf6 Bxf6 17.Nxd5 Bxd5 18.Qxd5 Qxd5 19.Bxd5 Rac8 20.e4 Bxb2 21.Ra2 Bf6
22.a4 Rc5 23.Rd1 Rec8 24.Rdd2 Kg7 25.Kg2 Rd8 26.Bb7 Rxd2 27.Rxd2 Rc7 28.Ba6 Bc3
29.Rd3 Kf6 30.f4 Ke7 31.Bb5 f6 32.h4 h6 33.h5 g5 34.Kf3 Bb4 35.Kg4 gxf4 36.gxf4 Bd6
37.Rd5 Rc5 38.Rxc5 Bxc5 39.Kf5 Be3 40.e5 fxe5 41.fxe5 a5  1/2-1/2

[Event "4th TCh-SCG"]
[Site "Vrnjacka Banja SCG"]
[Date "2006.05.06"]
[Round "6"]
[White "Nestorovic,De"]
[Black "Aleksic,Nen2"]
[Result "1/2-1/2"]
[WhiteElo "2392"]
[BlackElo "2275"]

1.d4 Nf6 2.c4 e6 3.Nf3 b6 4.a3 Bb7 5.Nc3 d5 6.cxd5 exd5 7.Bg5 Be7 8.Bxf6 Bxf6
9.g3 O-O 10.Bg2 Re8 11.O-O Nd7 12.Qc2 Nf8 13.Rad1 Qe7 14.Rfe1 c5 15.e3 Rad8
16.Re2 Ne6 17.Red2 cxd4 18.exd4 g6 19.Re2 Qc7 20.Qd2 Kg7 21.Rde1 Qc4 22.Bf1 Qc7
23.Re3 Ng5 24.Nxg5  1/2-1/2

[Event "FSIMB May"]
[Site "Budapest HUN"]
[Date "2006.05.11"]
[Round "6"]
[White "Brustkern,J"]
[Black "Malysheva,P"]
[Result "1/2-1/2"]
[WhiteElo "2242"]
[BlackElo "2298"]

1.d4 Nf6 2.c4 e6 3.Nf3 b6 4.a3 c5 5.d5 Ba6 6.Qc2 exd5 7.cxd5 g6 8.Nc3 Bg7
9.g3 O-O 10.Bg2 d6 11.O-O Re8 12.Re1 b5 13.e4 Nbd7 14.Bf4 Qb6 15.e5 dxe5
16.Nxe5 Nxe5 17.Bxe5 Bb7 18.a4 a6 19.a5  1/2-1/2

[Event "Open"]
[Site "Salsomaggiore ITA"]
[Date "2006.05.12"]
[Round "2"]
[White "Gromovs,S"]
[Black "Calza,G"]
[Result "1-0"]
[WhiteElo "2315"]
[BlackElo "2039"]

1.d4 Nf6 2.Nf3 e6 3.c4 b6 4.a3 Bb7 5.Nc3 d5 6.cxd5 Nxd5 7.Qc2 Be7 8.e4 Nxc3
9.bxc3 O-O 10.Bd3 c5 11.O-O Ba6 12.c4 cxd4 13.e5 g6 14.Be4 Nd7 15.Bxa8 Qxa8
16.Rd1 d3 17.Rxd3 Nc5 18.Rd1 Bb7 19.Qe2 Rc8 20.Be3 Nb3 21.Rab1 Na5 22.Rd7 Bxa3
23.Ng5 Bc6 24.Rxf7 h6 25.Qd3 Be4 26.Rg7+  1-0

[Event "ch-UKR sf"]
[Site "Alushta UKR"]
[Date "2006.05.14"]
[Round "2"]
[White "Zubov,A UKR"]
[Black "Tishin,D"]
[Result "1/2-1/2"]
[WhiteElo "2537"]
[BlackElo "2316"]

1.d4 Nf6 2.c4 e6 3.Nf3 b6 4.a3 Bb7 5.Nc3 d5 6.cxd5 exd5 7.g3 c6 8.Bg2 Bd6
9.O-O O-O 10.Nh4 Re8 11.Nf5 Bc7 12.e4 Bc8 13.Nxg7 Kxg7 14.Qd2 Kh8 15.Qh6 Ng8
16.Qh5 Nf6 17.Qh6 Ng8 18.Qh5 Nf6 19.Qh6  1/2-1/2

[Event "37th Olympiad w"]
[Site "Turin ITA"]
[Date "2006.05.30"]
[Round "9"]
[White "Hamrakulova,Y"]
[Black "Morales Mendoza,L"]
[Result "1/2-1/2"]
[WhiteElo "2187"]
[BlackElo "2154"]

1.d4 e6 2.Nf3 Nf6 3.c4 b6 4.a3 Ba6 5.Qc2 c5 6.e4 cxd4 7.e5 Ng8 8.Nxd4 d6
9.exd6 Bxd6 10.Nc3 Nd7 11.Be2 Bb7 12.Ndb5 Bb8 13.Ne4 Nc5 14.Nxc5 bxc5 15.O-O Qh4
16.f4 Nf6 17.Be3 a6 18.Nc3 O-O 19.g3 Qh3 20.Bf3 Bxf3 21.Rxf3 Bd6 22.Rd1 Be7
23.Ne4 Nxe4 24.Qxe4 Rfd8 25.Rff1 Qg4 26.Qc2 h5 27.Rxd8+ Rxd8 28.Re1 h4 29.Qe2 Qg6
30.Qg2 hxg3 31.hxg3 Qd3 32.Qe2 Qb3 33.Kh2 Rd3 34.Bf2 Qxc4 35.Rd1 Rd4 36.Qxc4 Rxc4
37.Rd2 Kf8 38.Kg2 Ke8 39.Kf3 Rc1 40.Ke2 Bf6 41.b3 c4 42.bxc4 Rxc4 43.Rd3 Rc2+
44.Kf3 Rc3 45.Ke4 Rxd3 46.Kxd3 Kd7 47.Kc4 Kc6 48.Be3 e5 49.fxe5 Bxe5 50.g4 g6
51.a4 f5 52.gxf5 gxf5 53.Bf2 Bh2 54.Kd4 Kb6 55.Be1 f4 56.Bb4 Bg1+ 57.Ke4 Bc5
58.a5+ Kb5 59.Bxc5 Kxc5 60.Kxf4 Kb5 61.Ke3 Kxa5 62.Kd2 Kb4 63.Kc2 a5 64.Kb2  1/2-1/2

[Event "White Nights Open"]
[Site "St Petersburg RUS"]
[Date "2006.06.01"]
[Round "9"]
[White "Romanov,Va"]
[Black "Aseeva,M"]
[Result "1/2-1/2"]
[WhiteElo "1952"]
[BlackElo "2131"]

1.d4 Nf6 2.c4 e6 3.Nf3 b6 4.a3 Ba6 5.Qc2 d5 6.e3 Be7 7.Nbd2 O-O 8.Bd3 c5
9.dxc5 bxc5 10.O-O Nc6 11.e4 dxc4 12.Nxc4 Nd4 13.Nxd4 cxd4 14.Qe2 Rc8 15.e5 Ne8
16.Bd2 g6 17.Rac1 Ng7 18.b4 Bb7 19.Na5 Bd5 20.Ba6 Rxc1 21.Rxc1 Qa8 22.f3 Rd8
23.Rc7 Nf5 24.Qb5 Bxf3 25.gxf3 Qxf3 26.Qe2 Qxa3 27.Nc6 d3 28.Nxe7+ Nxe7 29.Qf2 Nf5
30.Rxa7 Qa1+ 31.Kg2 Qxe5 32.b5 Qe4+ 33.Kg1 Qg4+ 34.Kf1 Qd1+ 35.Kg2 Qg4+ 36.Kf1 Qd1+  1/2-1/2

[Event "37th Olympiad w"]
[Site "Turin ITA"]
[Date "2006.06.02"]
[Round "11"]
[White "Koneru,H"]
[Black "Peptan,C"]
[Result "1/2-1/2"]
[WhiteElo "2548"]
[BlackElo "2408"]

1.d4 Nf6 2.c4 e6 3.Nf3 b6 4.a3 Ba6 5.Qc2 Bb7 6.Nc3 c5 7.e4 cxd4 8.Nxd4 Bc5
9.Nb3 Nc6 10.Nxc5 bxc5 11.Be3 Qe7 12.Qd1 O-O 13.Bd3 Ne5 14.O-O h6 15.Re1 Ba6
16.Bf4 d6 17.b4 cxb4 18.axb4 Bxc4 19.Bxe5 dxe5 20.Bxc4 Rac8 21.Qb3 Qc7 22.Bxe6 Qxc3
23.Qxc3 Rxc3 24.Bd5 Rc7 25.g3 Rb8 26.Ra4  1/2-1/2

[Event "37th Olympiad w"]
[Site "Turin ITA"]
[Date "2006.06.04"]
[Round "13"]
[White "Radziewicz,I"]
[Black "Dzagnidze,N"]
[Result "0-1"]
[WhiteElo "2439"]
[BlackElo "2454"]

1.d4 Nf6 2.Nf3 e6 3.c4 b6 4.a3 Ba6 5.Qc2 Bb7 6.Nc3 c5 7.e4 cxd4 8.Nxd4 Bc5
9.Nf3 Nc6 10.b4 Nd4 11.Qd3 Nxf3+ 12.gxf3 Be7 13.Rg1 O-O 14.Bb2 Qc7 15.Qe3 Ne8
16.Qh6 f6 17.Nb5 Qc8 18.Rd1 Rf7 19.e5 Bxf3 20.exf6 Bxf6 21.Nd6 Nxd6 22.Bxf6 Nf5
23.Qg5 Bxd1 24.Kxd1 Qc6 25.Bd3 Rxf6 26.Bxf5 Qf3+ 27.Kd2 Rf7 28.Bd3 Qxf2+
29.Kc3 Qf6+ 30.Qxf6 Rxf6 31.a4 Rc8 32.Kd4 d6 33.Rg4 Kf7 34.h4 h5 35.Re4 Ke7
36.Be2 Rcf8 37.Ke3 e5 38.Bxh5 Rf4 39.Bg6 Rxe4+ 40.Bxe4 Rf4 41.h5 Kf6  0-1

[Event "2nd Festival"]
[Site "Lodi ITA"]
[Date "2006.06.06"]
[Round "2"]
[White "Abdulla,AlR"]
[Black "Brunello,S"]
[Result "1/2-1/2"]
[WhiteElo "2484"]
[BlackElo "2339"]

1.d4 Nf6 2.c4 e6 3.Nf3 b6 4.a3 Bb7 5.Nc3 d5 6.Qa4+ Nbd7 7.cxd5 Nxd5 8.Bg5 Be7
9.Bxe7 Qxe7 10.Rc1 Nxc3 11.Rxc3 c6 12.e3 O-O 13.Ba6 Bxa6 14.Qxa6 c5 15.O-O e5
16.Qb7 exd4 17.exd4 Rfb8 18.Qd5 Rd8 19.dxc5 Nxc5 20.Qh5 h6 21.h3 Ne6 22.Re1 Rac8
23.Rce3 Qf6 24.Ne5 Nd4 25.Qg4 Rc2 26.Nf3 Ne6 27.b4 Ra2 28.Qc4 Ra1 29.Rxa1  1/2-1/2

[Event "Lasker Mem A"]
[Site "Barlinek POL"]
[Date "2006.06.08"]
[Round "6"]
[White "Krajewicz,P"]
[Black "Vogel,Ja"]
[Result "1-0"]
[WhiteElo "1999"]
[BlackElo "2256"]

1.d4 e6 2.Nf3 Nf6 3.c4 b6 4.a3 Bb7 5.Nc3 d5 6.cxd5 exd5 7.g3 Be7 8.Bg2 O-O
9.O-O Na6 10.b4 c6 11.Bf4 Nc7 12.Bxc7 Qxc7 13.Rc1 a5 14.Ne5 axb4 15.axb4 Qd6
16.Rb1 Ra3 17.Qc2 Rfa8 18.Rfc1 Nd7 19.Nd3 g6 20.e3 h5 21.Qb2 Nf6 22.Ne5 Ng4
23.Nxg4 hxg4 24.b5 c5 25.dxc5 bxc5 26.Qd2 Bf6 27.Ne4 Qe7 28.Nxc5 Ra2 29.Qd1 Rd8
30.Nxb7 Qxb7 31.Qxg4 Bb2 32.Qg5 Qd7 33.Rc5  1-0

[Event "VIII Open"]
[Site "Salou ESP"]
[Date "2006.06.08"]
[Round "2"]
[White "Hoenick,A"]
[Black "Pogorelov,R"]
[Result "0-1"]
[WhiteElo "2168"]
[BlackElo "2385"]

1.d4 Nf6 2.c4 e6 3.Nf3 b6 4.a3 Ba6 5.Qc2 Bb7 6.Nc3 c5 7.e4 cxd4 8.Nxd4 d6
9.Be2 Nbd7 10.Be3 a6 11.g4 h6 12.O-O-O Qc7 13.f4 e5 14.Nf5 g6 15.Ng3 exf4
16.Bxf4 Ne5 17.g5 hxg5 18.Bxg5 Nfd7 19.Nd5 Bxd5 20.cxd5 Qxc2+ 21.Kxc2 Be7
22.h4 Bxg5 23.hxg5 Ke7 24.b4 b5 25.Kb3 Nb6 26.Rc1 Rxh1 27.Nxh1 Rh8 28.Ng3 Rh2
29.Rc7+ Kd8 30.Rc3 Na4 31.Re3 Nc4 32.Rd3 Nab2 33.Rc3 Nd1 34.Rc1 Rh3 35.Bxc4 Rxg3+
36.Bd3 Rxd3+ 37.Kc2 Nf2  0-1

[Event "2nd Festival"]
[Site "Lodi ITA"]
[Date "2006.06.10"]
[Round "8"]
[White "Abdulla,AlR"]
[Black "Contin,D"]
[Result "1-0"]
[WhiteElo "2484"]
[BlackElo "2396"]

1.d4 Nf6 2.c4 e6 3.Nf3 b6 4.a3 Bb7 5.Nc3 d5 6.Qa4+ c6 7.cxd5 exd5 8.Bg5 Be7
9.e3 O-O 10.Bd3 Nbd7 11.Rd1 Re8 12.O-O a6 13.Bb1 g6 14.Rfe1 Qc7 15.Rc1 c5
16.dxc5 bxc5 17.Qh4 Qb6 18.Na4 Qe6 19.b4 c4 20.Nd4 Qg4 21.Qxg4 Nxg4 22.Bxe7 Rxe7
23.Red1 f5 24.Rd2 f4 25.exf4 Rae8 26.Rdd1 Rf8 27.h3 Ngf6 28.f5 Ne4 29.fxg6 Nxf2
30.gxh7+ Kh8 31.Re1 Rxe1+ 32.Rxe1 Ne4 33.Ne6 Rf6 34.Nac5 Bc8 35.Bxe4 dxe4
36.Rxe4 c3 37.Nd4 Nxc5 38.bxc5 Kxh7 39.Re7+ Kg6 40.Re3 Rf4 41.Ne2 Rc4 42.Rxc3  1-0

[Event "2nd Open"]
[Site "San Marino SMR"]
[Date "2006.06.10"]
[Round "8"]
[White "Paragua,M"]
[Black "Vijayalakshmi,S"]
[Result "1-0"]
[WhiteElo "2617"]
[BlackElo "2472"]

1.d4 Nf6 2.c4 e6 3.Nf3 b6 4.a3 Bb7 5.Nc3 d5 6.cxd5 exd5 7.Bf4 Be7 8.e3 a6
9.Qc2 Nbd7 10.Bd3 Nf8 11.Qa4+ c6 12.Ne5 b5 13.Qc2 Ne6 14.Bg3 c5 15.dxc5 Nxc5
16.Bf5 g6 17.Bh3 O-O 18.O-O Bd6 19.Rfd1 Qe7 20.Ng4 Bxg3 21.Nxf6+ Qxf6 22.hxg3 Ne4
23.Nxd5 Bxd5 24.Rxd5 Qe7 25.Rad1 Nf6 26.Rd6 Rfd8 27.Qc6 Kg7 28.Qb6 Rxd6 29.Rxd6 Qe5
30.Qd4 Qxd4 31.Rxd4 Ra7 32.Bc8 a5 33.f3 Kf8 34.e4 Ke7 35.e5 Ne8 36.Rd5 Rc7
37.Bh3 Rc1+ 38.Kh2 Nc7 39.Rd7+ Ke8 40.Rd2 h5 41.g4 h4 42.g5 Rc5 43.f4 Nd5
44.g3 b4 45.axb4 axb4 46.Bg2 hxg3+ 47.Kxg3 Ne3 48.Bh3 Rc1 49.Rd4 Nc4 50.e6 Nxb2
51.Rxb4 Rc3+ 52.Kh4 Nd3 53.Rb8+ Ke7 54.Rb7+ Kf8 55.Rxf7+ Ke8 56.Bf1 Rb3 57.Bxd3 Rxd3
58.Rg7  1-0

[Event "TCh-NOR"]
[Site "Oslo NOR"]
[Date "2006.06.11"]
[Round "5"]
[White "Tallaksen,G"]
[Black "Tisdall,J"]
[Result "1/2-1/2"]
[WhiteElo "2356"]
[BlackElo "2437"]

1.d4 Nf6 2.c4 e6 3.Nf3 b6 4.a3 Ba6 5.Qc2 Bb7 6.Nc3 c5 7.e4 cxd4 8.Nxd4 d6
9.Be2 Nbd7 10.O-O Be7 11.Be3 a6 12.f3 Rc8 13.Rfd1 O-O 14.Rac1 Re8 15.Kh1 Qc7
16.Bg1 Qb8 17.Qb1 Ne5 18.Qa2 g5 19.b4 Kh8 20.Na4 Nfd7 21.Be3 Rg8 22.Qb2 Rg6
23.Nb3 Rh6 24.Nxb6 Nxb6 25.Bxb6 Bf6 26.Bd4 d5 27.h3 dxe4 28.Nd2 exf3 29.Bxf3 Bxf3
30.Nxf3 Nxf3 31.Bxf6+ Kg8 32.gxf3 Qf4 33.Qg2 Rxf6 34.Rc3 h5 35.c5 Rg6 36.Rcd3 e5
37.Rd6 Rc6 38.Rxc6 Rxc6 39.Qe2 Qg3 40.Qg2 Qf4 41.Qe2 Qg3 42.Qg2  1/2-1/2

[Event "2nd Goran"]
[Site "Bibinje CRO"]
[Date "2006.06.12"]
[Round "5"]
[White "Farago,I"]
[Black "Bilobrk,F"]
[Result "1-0"]
[WhiteElo "2534"]
[BlackElo "2386"]

1.d4 Nf6 2.c4 e6 3.Nf3 b6 4.a3 Bb7 5.Nc3 d5 6.cxd5 Nxd5 7.Bd2 Be7 8.Qc2 O-O
9.e4 Nxc3 10.Bxc3 Nd7 11.Rd1 Qc8 12.Bd3 Ba6 13.O-O Bxd3 14.Rxd3 Rd8 15.Re1 c5
16.d5 exd5 17.exd5 Bf6 18.d6 c4 19.Rdd1 Bxc3 20.Qxc3 Qc5 21.Re7 Nf6 22.b4 cxb3
23.Qxb3 Rf8 24.Ne5 Ne4 25.Rxf7 Rxf7 26.Qxf7+ Kh8 27.d7 Nd6  1-0

[Event "Open A"]
[Site "Voronezh RUS"]
[Date "2006.06.13"]
[Round "2"]
[White "Koreschikov,M"]
[Black "Kornev,Alexei"]
[Result "0-1"]
[WhiteElo "2248"]
[BlackElo "2575"]

1.d4 Nf6 2.c4 e6 3.Nf3 b6 4.a3 Bb7 5.Nc3 g6 6.Qc2 Bxf3 7.exf3 Bg7 8.d5 O-O
9.Be2 c6 10.Be3 cxd5 11.cxd5 Nxd5 12.Nxd5 exd5 13.Rd1 Qf6 14.Bd4 Qc6 15.Qd2 Bxd4
16.Qxd4 Re8 17.Qxd5 Na6 18.Qxc6 dxc6 19.b4 Nc7 20.Rd2 a5 21.O-O axb4 22.axb4 Nd5
23.Bb5 Nxb4 24.Rb2 Ra5 25.Rxb4 Rxb5 26.Rxb5 cxb5 27.g3 Re5 28.Rd1 b4 29.Rb1 Rb5
30.Kf1 Kf8 31.Ke2 Ke7 32.Kd3 Kd6 33.Kc4 Kc6 34.Kb3 Rc5 35.Re1 Kb5 36.f4 Rc3+
37.Kb2 Rf3 38.Re2 h5 39.h4 Ka4 40.Rd2 b5 41.Re2 f6 42.Rd2 f5 43.Re2 Rb3+
44.Ka2  0-1

[Event "Open A"]
[Site "Voronezh RUS"]
[Date "2006.06.18"]
[Round "6"]
[White "Koreschikov,M"]
[Black "Andreikin,D"]
[Result "0-1"]
[WhiteElo "2248"]
[BlackElo "2481"]

1.d4 Nf6 2.c4 e6 3.Nf3 b6 4.a3 Bb7 5.Nc3 g6 6.Qc2 Bg7 7.e4 d6 8.Be2 c5 9.d5 O-O
10.O-O Re8 11.dxe6 Rxe6 12.Bg5 h6 13.Bxf6 Bxf6 14.Nd5 Nc6 15.Bd3 Bg7 16.Rab1 Qd7
17.Qd2 Rf8 18.b4 Kh8 19.b5 Ne7 20.Rfe1 Nxd5 21.exd5 Rxe1+ 22.Rxe1 Re8 23.Rxe8+ Qxe8
24.Qe2 Qd8 25.h4 Bc8 26.h5 g5 27.Nd2 g4 28.Qe3 f5 29.Nf1 Qf8 30.Ng3 Bd4 31.Qe2 Be5
32.Nf1 Qf7 33.Bc2 Qxh5 34.Qd3 Kg7 35.Ne3 Kf6 36.g3 Qg5 37.Ng2 Qc1+ 38.Kh2 Qg5
39.Qe3 h5 40.Nf4 h4 41.Kg2 Qh6 42.a4 Bd7 43.Bb1 Bd4 44.Qe2 Qh8 45.Qd2 hxg3
46.fxg3 Qe8 47.Ne6 Qh5 48.Nf4 Qh8 49.Bd3 Kf7 50.Qc1 Be5 51.Qe3 Bd4 52.Qc1 Bf6
53.Qc2 Qh7 54.Qe2 Qh6 55.Qc2 Qg5 56.Qb1 Bg7 57.Qh1 Bh6 58.Kf2 Qf6 59.Qh5+ Kg7
60.Ne6+ Bxe6  0-1

[Event "Open A"]
[Site "Voronezh RUS"]
[Date "2006.06.21"]
[Round "9"]
[White "Brodsky,M"]
[Black "Obukhov,A"]
[Result "1/2-1/2"]
[WhiteElo "2561"]
[BlackElo "2498"]

1.d4 Nf6 2.c4 e6 3.Nf3 b6 4.a3 c5 5.d5 Ba6 6.Qc2 exd5 7.cxd5 g6 8.Nc3 Bg7
9.g3 O-O 10.Bg2 d6 11.O-O Re8 12.Re1 Nbd7 13.Bf4 Qe7 14.Qa4 Bb7 15.Nb5 Ne5
16.Nxe5 dxe5 17.d6 Qd7 18.Bxb7 Qxb7 19.Bg5 Qd7 20.Qa6 Qc8 21.Qxc8 Rexc8 22.Rad1 h6
23.Bxf6 Bxf6 24.Nc7 Rab8 25.e4 Rd8 26.Rd5 Bg7 27.Red1 Rb7 28.b4 cxb4 29.axb4 Bf8
30.Rxe5 Bxd6 31.Na6 Bxe5 32.Rxd8+ Kg7 33.Re8 Bd6 34.b5 f6 35.Rd8 Be7 36.Rd5 g5
37.h3 Kf7 38.Kf1 Ke8 39.Ke2 Bf8 40.Kd3 Kf7 41.Kc4 Be7 42.f4 gxf4 43.gxf4 Ke6
44.f5+ Kf7 45.Kd3 Ke8 46.e5 fxe5 47.Ke4 Kf7 48.Kxe5 Bg5 49.Rd6 Re7+ 50.Re6 Rd7
51.Nb4 Rd1 52.Nc6 Re1+ 53.Kd6 Rd1+ 54.Ke5 Re1+ 55.Kd6 Rd1+ 56.Ke5 Re1+  1/2-1/2

[Event "20th Open"]
[Site "Pula CRO"]
[Date "2006.06.22"]
[Round "6"]
[White "Kuljasevic,D"]
[Black "Petrik,T"]
[Result "1/2-1/2"]
[WhiteElo "2408"]
[BlackElo "2515"]

1.d4 Nf6 2.Nf3 e6 3.c4 b6 4.a3 Bb7 5.Nc3 d5 6.cxd5 Nxd5 7.Qc2 Nxc3 8.bxc3 Be7
9.e4 O-O 10.Bd3 c5 11.O-O Qc7 12.Qe2 Nd7 13.e5 Rfd8 14.h4 h6 15.Rd1 Qc6 16.Be3 Rac8
17.a4 cxd4 18.cxd4 Qd5 19.Qd2 Qa5 20.Qe2 Qd5 21.Qd2 Qa5 22.Qe2  1/2-1/2

[Event "ch-NED"]
[Site "Hilversum NED"]
[Date "2006.06.27"]
[Round "9"]
[White "Sokolov,Iv"]
[Black "Werle,J"]
[Result "1-0"]
[WhiteElo "2676"]
[BlackElo "2529"]

1.d4 Nf6 2.c4 e6 3.Nf3 b6 4.a3 Bb7 5.Nc3 d5 6.Qc2 c5 7.cxd5 Nxd5 8.dxc5 Bxc5
9.Bg5 Qc8 10.Rc1 O-O 11.b4 Nxc3 12.Qxc3 h6 13.Bh4 g5 14.Bxg5 hxg5 15.bxc5 Qxc5
16.Qxc5 bxc5 17.Nxg5 Nd7 18.h4 Rfe8 19.e3 Bc6 20.Bc4 Rab8 21.O-O Rb2 22.Rfd1 Kf8
23.Rb1 Reb8 24.Rxb2 Rxb2 25.h5 Ke7 26.h6 Rb8 27.h7 Rh8 28.Ba2 Nf8 29.Rc1 Nxh7
30.Rxc5 Nxg5 31.Rxc6 Rd8 32.Rc7+ Kf6 33.Bb3 Rd3 34.Bc2 Rxa3 35.f4 Nh3+ 36.gxh3 Rxe3
37.Kg2 a5 38.Bd1 e5 39.Rc6+ Kf5 40.Bg4+ Kxf4 41.Rf6+ Kg5 42.Rxf7 a4 43.Kf2 Re4
44.Rg7+ Kf6 45.Ra7 Rd4 46.Kg3 Rd3+ 47.Kh4 a3 48.Ra6+ Kg7 49.Kg5 e4 50.Ra7+ Kh8
51.Kf6 Rd6+ 52.Ke5 Rd3 53.Kxe4 Rg3 54.Kf5 Rb3 55.Kf6 Rb6+ 56.Be6  1-0

[Event "II Open"]
[Site "Sort ESP"]
[Date "2006.06.27"]
[Round "2"]
[White "Gupta,Ab"]
[Black "Bruned,Y"]
[Result "1-0"]
[WhiteElo "2449"]
[BlackElo "2325"]

1.d4 Nf6 2.c4 e6 3.Nf3 b6 4.a3 Ba6 5.Qc2 Bb7 6.Nbd2 d5 7.e3 Be7 8.b4 c5 9.cxd5 Qxd5
10.Bc4 Qc6 11.dxc5 bxc5 12.b5 Qc7 13.O-O O-O 14.Bb2 Nbd7 15.Be2 a6 16.bxa6 Bxa6
17.Nc4 Nd5 18.Rfd1 Bf6 19.Bxf6 N5xf6 20.h3 h6 21.a4 Rfb8 22.Nfd2 Ne5 23.Rdc1 Nd5
24.Bf1 Nxc4 25.Bxc4 Nb4 26.Qc3 Bxc4 27.Qxc4 Na6 28.Rab1 Qa5 29.Ne4 Rb4 30.Rxb4 Qxb4
31.Qc2 Rb8 32.Kh2 f5 33.Nd6 Qb2 34.Nb5 Qxc2 35.Rxc2 Rd8 36.g4 Kf7 37.Na3 Kf6
38.Kg3 g5 39.Kf3 Rd3 40.Nc4 Nb4 41.Rc1 Rb3 42.a5 Na6 43.gxf5 Kxf5 44.Nd6+ Kg6
45.Rd1 Ra3 46.Nc4 Ra4 47.Rd6 Nc7 48.Ne5+ Kf6 49.Ng4+ Ke7 50.Rc6 Nd5 51.Rxc5 Kd6
52.Rb5 h5 53.Nh6 Kc6 54.Rb8 Rxa5 55.Rg8 g4+ 56.hxg4 hxg4+ 57.Nxg4 Kd6 58.Kg3 Ra3
59.Kh4 Ra4 60.Kh5 Rb4 61.Rd8+ Ke7 62.Rg8 Kd6 63.Ra8 Rb5 64.Ra6+ Ke7 65.Kg6 Rb8
66.Ra7+ Kd6 67.Kf7 Rb4 68.Ra6+ Rb6 69.Rxb6+ Nxb6 70.e4 Nc4 71.f4 e5 72.f5 Nd2
73.Nf2 Nf3 74.f6 Ng5+ 75.Kg6 Ne6 76.Nd3 Nd8 77.Kg7 Ke6 78.Nc5+ Kd6 79.Nb7+ Nxb7
80.f7 Nd8 81.f8=Q+  1-0

[Event "FINEC Rector Cup"]
[Site "St Petersburg RUS"]
[Date "2006.06.29"]
[Round "4"]
[White "Matlakov,M"]
[Black "Trushelyov,V"]
[Result "1-0"]
[WhiteElo "2410"]
[BlackElo "2358"]

1.d4 Nf6 2.c4 e6 3.Nf3 b6 4.a3 c5 5.d5 exd5 6.cxd5 d6 7.Nc3 Ba6 8.Bf4 Be7
9.g3 O-O 10.Bg2 b5 11.b4 Nbd7 12.bxc5 Nxc5 13.Nd4 Nh5 14.Nc6 Qd7 15.Bd2 Bf6
16.O-O Rae8 17.Bf3 g6 18.Rb1 Ng7 19.Nxb5 Nf5 20.Bc3 Bxc3 21.Nxc3 Ne7 22.Re1 Bb7
23.Nxa7 Bxd5 24.Nxd5 Nxd5 25.Nb5 Nf6 26.Qxd6 Qxd6 27.Nxd6 Re6 28.Red1 Rd8
29.Nb5 Rf8 30.Nc7 Re7 31.Nd5 Nxd5 32.Rxd5 Ne6 33.a4 Ra7 34.a5 Rc8 35.Ra1 Ra6
36.e3 Rc2 37.Be4 Rb2 38.Bd3 Ra7 39.a6 Rb6 40.Rb5 Rd6 41.Bc4 Rdd7 42.Rb6 Nc5
43.Ra5 Rdc7 44.Bd5 Kf8 45.Rc6 Rxc6 46.Bxc6 Ne6 47.Bb7 Ke7 48.Kg2 Kd6 49.Rd5+ Kc7
50.g4 Nd8 51.Rxd8  1-0